chansons Charles Aznavour-mort subite - Statistiques

Statistiques générales
  • Ce quiz a été pris 746 fois
  • Le résultat moyen est 6 sur 18
Answers on the Grid
Answers color-coded by a green-red scale on the quiz's grid according to % correct below.
emmenez moi
hier encore
un dernier baiser
les rues de l'oublie
tous les visages de l'amour
une vie d'amour
comme ils disent
j'avais 20 ans
venecia sin ti
la promesse d'un soir
sous le soleil de l'exil
y por tanto
et pourtant
souvent
j'me voyais déjà
mélancolie
nostalgie
to die of love
permettez moi
love me
il faut savoir
sur ma vie
au bord du vide
désormais
les plaisirs démodés
le dernier adieu
peine d'amour
les deux guitares
à ma fille
debes saber
 
Statistiques - réponses
Réponse % Correct
emmenez moi
98%
hier encore
92%
comme ils disent
65%
j'me voyais déjà
58%
et pourtant
40%
désormais
37%
les plaisirs démodés
28%
à ma fille
23%
les deux guitares
23%
il faut savoir
22%
sur ma vie
20%
tous les visages de l'amour
15%
venecia sin ti
15%
une vie d'amour
13%
y por tanto
13%
to die of love
9%
debes saber
8%
nostalgie
4%
Aucun quiz correspondant
Distribution des résultats
% des personnes avec chaque résultat
Percentile par nombre de réponses
Votre historique - résultats
Vous n’avez pas pris ce quiz